<?xml version="1.0" encoding="UTF-8"?>
<record
    xmlns:xsi="http://www.w3.org/2001/XMLSchema-instance"
    xsi:schemaLocation="http://www.loc.gov/MARC21/slim http://www.loc.gov/standards/marcxml/schema/MARC21slim.xsd"
    xmlns="http://www.loc.gov/MARC21/slim">

  <leader>00693nas a2200229 454500</leader>
  <controlfield tag="001">20862</controlfield>
  <controlfield tag="005">20260407193506.0</controlfield>
  <controlfield tag="008">260407s1989####ag###########|||spa#d</controlfield>
  <controlfield tag="003">AR-UNSa-BCEJYS</controlfield>
  <datafield tag="040" ind1=" " ind2=" ">
    <subfield code="a">AR-UNSa-BCEJYS</subfield>
    <subfield code="b">spa</subfield>
    <subfield code="c">AR-UNSa-BCEJYS</subfield>
  </datafield>
  <datafield tag="080" ind1=" " ind2=" ">
    <subfield code="a">004.6</subfield>
    <subfield code="x">Datos</subfield>
  </datafield>
  <datafield tag="245" ind1="1" ind2="0">
    <subfield code="a">Data communications international</subfield>
  </datafield>
  <datafield tag="022" ind1=" " ind2=" ">
    <subfield code="a">0363-6399</subfield>
  </datafield>
  <datafield tag="264" ind1=" " ind2="1">
    <subfield code="a">New York :</subfield>
    <subfield code="b">McGraw-Hill</subfield>
    <subfield code="c">1989</subfield>
  </datafield>
  <datafield tag="310" ind1=" " ind2=" ">
    <subfield code="a">Frecuencia: Mensual</subfield>
  </datafield>
  <datafield tag="942" ind1=" " ind2=" ">
    <subfield code="c">SER</subfield>
  </datafield>
  <datafield tag="590" ind1=" " ind2=" ">
    <subfield code="a">niveau_biblio:s niveau_hierar:1</subfield>
  </datafield>
  <datafield tag="100" ind1="1" ind2=" ">
    <subfield code="a">Braue, Joseph</subfield>
  </datafield>
  <datafield tag="650" ind1=" " ind2=" ">
    <subfield code="a">Inform&#xE1;tica</subfield>
  </datafield>
  <datafield tag="650" ind1=" " ind2=" ">
    <subfield code="a">Base de datos</subfield>
  </datafield>
  <datafield tag="856" ind1="4" ind2="1">
    <subfield code="u">https://biblioeco.unsa.edu.ar/pmb/images/revistas/Data Communications.jpg</subfield>
    <subfield code="y">Imagen de portada</subfield>
    <subfield code="q">image/jpeg</subfield>
  </datafield>
  <datafield tag="999" ind1=" " ind2=" ">
    <subfield code="c">8548</subfield>
    <subfield code="d">8548</subfield>
  </datafield>
  <datafield tag="952" ind1=" " ind2=" ">
    <subfield code="0">0</subfield>
    <subfield code="1">0</subfield>
    <subfield code="4">0</subfield>
    <subfield code="7">0</subfield>
    <subfield code="a">BCEJYS</subfield>
    <subfield code="b">BCEJYS</subfield>
    <subfield code="c">17</subfield>
    <subfield code="d">1992-11-15</subfield>
    <subfield code="h">Vol. 21, N&#xBA; 17 - nov. 1992</subfield>
    <subfield code="l">0</subfield>
    <subfield code="o">H004.6 DAT v21.n17</subfield>
    <subfield code="p">R09976</subfield>
    <subfield code="r">2026-04-10 16:08:05</subfield>
    <subfield code="w">2026-04-10</subfield>
    <subfield code="y">RN</subfield>
  </datafield>
  <datafield tag="952" ind1=" " ind2=" ">
    <subfield code="0">0</subfield>
    <subfield code="1">0</subfield>
    <subfield code="4">0</subfield>
    <subfield code="7">0</subfield>
    <subfield code="a">BCEJYS</subfield>
    <subfield code="b">BCEJYS</subfield>
    <subfield code="c">17</subfield>
    <subfield code="d">1992-11-01</subfield>
    <subfield code="h">Vol. 21, N&#xBA; 16 - nov. 1992</subfield>
    <subfield code="l">0</subfield>
    <subfield code="o">H004.6 DAT v21.n16</subfield>
    <subfield code="p">R09975</subfield>
    <subfield code="r">2026-04-10 16:08:05</subfield>
    <subfield code="w">2026-04-10</subfield>
    <subfield code="y">RN</subfield>
  </datafield>
  <datafield tag="952" ind1=" " ind2=" ">
    <subfield code="0">0</subfield>
    <subfield code="1">0</subfield>
    <subfield code="4">0</subfield>
    <subfield code="7">0</subfield>
    <subfield code="a">BCEJYS</subfield>
    <subfield code="b">BCEJYS</subfield>
    <subfield code="c">17</subfield>
    <subfield code="d">1992-10-01</subfield>
    <subfield code="h">Vol. 21, N&#xBA; 14 - oct. 1992</subfield>
    <subfield code="l">0</subfield>
    <subfield code="o">H004.6 DAT v21.n14</subfield>
    <subfield code="p">R09974</subfield>
    <subfield code="r">2026-04-10 16:08:05</subfield>
    <subfield code="w">2026-04-10</subfield>
    <subfield code="y">RN</subfield>
  </datafield>
  <datafield tag="952" ind1=" " ind2=" ">
    <subfield code="0">0</subfield>
    <subfield code="1">0</subfield>
    <subfield code="4">0</subfield>
    <subfield code="7">0</subfield>
    <subfield code="a">BCEJYS</subfield>
    <subfield code="b">BCEJYS</subfield>
    <subfield code="c">17</subfield>
    <subfield code="d">1992-09-15</subfield>
    <subfield code="h">Vol. 21, N&#xBA; 13 - sep. 1992</subfield>
    <subfield code="l">0</subfield>
    <subfield code="o">H004.6 DAT v21.n13</subfield>
    <subfield code="p">R09973</subfield>
    <subfield code="r">2026-04-10 16:08:05</subfield>
    <subfield code="w">2026-04-10</subfield>
    <subfield code="y">RN</subfield>
  </datafield>
  <datafield tag="952" ind1=" " ind2=" ">
    <subfield code="0">0</subfield>
    <subfield code="1">0</subfield>
    <subfield code="4">0</subfield>
    <subfield code="7">0</subfield>
    <subfield code="a">BCEJYS</subfield>
    <subfield code="b">BCEJYS</subfield>
    <subfield code="c">17</subfield>
    <subfield code="d">1992-09-01</subfield>
    <subfield code="h">Vol. 21, N&#xBA; 12 - sep. 1992</subfield>
    <subfield code="l">0</subfield>
    <subfield code="o">H004.6 DAT v21.n12</subfield>
    <subfield code="p">R09972</subfield>
    <subfield code="r">2026-04-10 16:08:05</subfield>
    <subfield code="w">2026-04-10</subfield>
    <subfield code="y">RN</subfield>
  </datafield>
  <datafield tag="952" ind1=" " ind2=" ">
    <subfield code="0">0</subfield>
    <subfield code="1">0</subfield>
    <subfield code="4">0</subfield>
    <subfield code="7">0</subfield>
    <subfield code="a">BCEJYS</subfield>
    <subfield code="b">BCEJYS</subfield>
    <subfield code="c">17</subfield>
    <subfield code="d">1992-08-01</subfield>
    <subfield code="h">Vol. 21, N&#xBA; 11 - ago. 1992</subfield>
    <subfield code="l">0</subfield>
    <subfield code="o">H004.6 DAT v21.n11</subfield>
    <subfield code="p">R09971</subfield>
    <subfield code="r">2026-04-10 16:08:05</subfield>
    <subfield code="w">2026-04-10</subfield>
    <subfield code="y">RN</subfield>
  </datafield>
  <datafield tag="952" ind1=" " ind2=" ">
    <subfield code="0">0</subfield>
    <subfield code="1">0</subfield>
    <subfield code="4">0</subfield>
    <subfield code="7">0</subfield>
    <subfield code="a">BCEJYS</subfield>
    <subfield code="b">BCEJYS</subfield>
    <subfield code="c">17</subfield>
    <subfield code="d">1992-07-01</subfield>
    <subfield code="h">Vol. 21, N&#xBA; 10 - jul. 1992</subfield>
    <subfield code="l">0</subfield>
    <subfield code="o">H004.6 DAT v21.n10</subfield>
    <subfield code="p">R09970</subfield>
    <subfield code="r">2026-04-10 16:08:05</subfield>
    <subfield code="w">2026-04-10</subfield>
    <subfield code="y">RN</subfield>
  </datafield>
  <datafield tag="952" ind1=" " ind2=" ">
    <subfield code="0">0</subfield>
    <subfield code="1">0</subfield>
    <subfield code="4">0</subfield>
    <subfield code="7">0</subfield>
    <subfield code="a">BCEJYS</subfield>
    <subfield code="b">BCEJYS</subfield>
    <subfield code="c">17</subfield>
    <subfield code="d">1992-05-01</subfield>
    <subfield code="h">Vol. 21, N&#xBA;7 - mayo 1992</subfield>
    <subfield code="l">0</subfield>
    <subfield code="o">H004.6 DAT v21.n7</subfield>
    <subfield code="p">R10207</subfield>
    <subfield code="r">2026-04-10 16:08:05</subfield>
    <subfield code="w">2026-04-10</subfield>
    <subfield code="y">RN</subfield>
  </datafield>
  <datafield tag="952" ind1=" " ind2=" ">
    <subfield code="0">0</subfield>
    <subfield code="1">0</subfield>
    <subfield code="4">0</subfield>
    <subfield code="7">0</subfield>
    <subfield code="a">BCEJYS</subfield>
    <subfield code="b">BCEJYS</subfield>
    <subfield code="c">17</subfield>
    <subfield code="d">1992-05-01</subfield>
    <subfield code="h">Vol. 21, N&#xBA; 8 - mayo 1992</subfield>
    <subfield code="l">0</subfield>
    <subfield code="o">H004.6 DAT v21.n8</subfield>
    <subfield code="p">R09969</subfield>
    <subfield code="r">2026-04-10 16:08:05</subfield>
    <subfield code="w">2026-04-10</subfield>
    <subfield code="y">RN</subfield>
  </datafield>
  <datafield tag="952" ind1=" " ind2=" ">
    <subfield code="0">0</subfield>
    <subfield code="1">0</subfield>
    <subfield code="4">0</subfield>
    <subfield code="7">0</subfield>
    <subfield code="a">BCEJYS</subfield>
    <subfield code="b">BCEJYS</subfield>
    <subfield code="c">17</subfield>
    <subfield code="d">1992-04-01</subfield>
    <subfield code="h">Vol. 21, N&#xBA; 6 - abr. 1992</subfield>
    <subfield code="l">0</subfield>
    <subfield code="o">H004.6 DAT v21.n6</subfield>
    <subfield code="p">R09968</subfield>
    <subfield code="r">2026-04-10 16:08:05</subfield>
    <subfield code="w">2026-04-10</subfield>
    <subfield code="y">RN</subfield>
  </datafield>
  <datafield tag="952" ind1=" " ind2=" ">
    <subfield code="0">0</subfield>
    <subfield code="1">0</subfield>
    <subfield code="4">0</subfield>
    <subfield code="7">0</subfield>
    <subfield code="a">BCEJYS</subfield>
    <subfield code="b">BCEJYS</subfield>
    <subfield code="c">17</subfield>
    <subfield code="d">1992-03-15</subfield>
    <subfield code="h">Vol. 21, N&#xBA; 5 - mar. 1992</subfield>
    <subfield code="l">0</subfield>
    <subfield code="o">H004.6 DAT v21.n5</subfield>
    <subfield code="p">R09967</subfield>
    <subfield code="r">2026-04-10 16:08:05</subfield>
    <subfield code="w">2026-04-10</subfield>
    <subfield code="y">RN</subfield>
  </datafield>
  <datafield tag="952" ind1=" " ind2=" ">
    <subfield code="0">0</subfield>
    <subfield code="1">0</subfield>
    <subfield code="4">0</subfield>
    <subfield code="7">0</subfield>
    <subfield code="a">BCEJYS</subfield>
    <subfield code="b">BCEJYS</subfield>
    <subfield code="c">17</subfield>
    <subfield code="d">1992-03-01</subfield>
    <subfield code="h">Vol. 21, N&#xBA; 4 - mar. 1992</subfield>
    <subfield code="l">0</subfield>
    <subfield code="o">H004.6 DAT v21.n4</subfield>
    <subfield code="p">R09966</subfield>
    <subfield code="r">2026-04-10 16:08:05</subfield>
    <subfield code="w">2026-04-10</subfield>
    <subfield code="y">RN</subfield>
  </datafield>
  <datafield tag="952" ind1=" " ind2=" ">
    <subfield code="0">0</subfield>
    <subfield code="1">0</subfield>
    <subfield code="4">0</subfield>
    <subfield code="7">0</subfield>
    <subfield code="a">BCEJYS</subfield>
    <subfield code="b">BCEJYS</subfield>
    <subfield code="c">17</subfield>
    <subfield code="d">1992-02-01</subfield>
    <subfield code="h">Vol. 21, N&#xBA; 2 - feb. 1992</subfield>
    <subfield code="l">0</subfield>
    <subfield code="o">H004.6 DAT v21.n2</subfield>
    <subfield code="p">R09965</subfield>
    <subfield code="r">2026-04-10 16:08:05</subfield>
    <subfield code="w">2026-04-10</subfield>
    <subfield code="y">RN</subfield>
  </datafield>
  <datafield tag="952" ind1=" " ind2=" ">
    <subfield code="0">0</subfield>
    <subfield code="1">0</subfield>
    <subfield code="4">0</subfield>
    <subfield code="7">0</subfield>
    <subfield code="a">BCEJYS</subfield>
    <subfield code="b">BCEJYS</subfield>
    <subfield code="c">17</subfield>
    <subfield code="d">1992-01-21</subfield>
    <subfield code="h">Vol. 21, N&#xBA;1/2 - ene. 1992</subfield>
    <subfield code="l">0</subfield>
    <subfield code="o">H004.6 DAT v21.n1/2</subfield>
    <subfield code="p">R10208</subfield>
    <subfield code="r">2026-04-10 16:08:05</subfield>
    <subfield code="w">2026-04-10</subfield>
    <subfield code="y">RN</subfield>
  </datafield>
  <datafield tag="952" ind1=" " ind2=" ">
    <subfield code="0">0</subfield>
    <subfield code="1">0</subfield>
    <subfield code="4">0</subfield>
    <subfield code="7">0</subfield>
    <subfield code="a">BCEJYS</subfield>
    <subfield code="b">BCEJYS</subfield>
    <subfield code="c">17</subfield>
    <subfield code="d">1992-01-01</subfield>
    <subfield code="h">Vol. 21, N&#xBA;1 - ene. 1992</subfield>
    <subfield code="l">0</subfield>
    <subfield code="o">H004.6 DAT v21.n1</subfield>
    <subfield code="p">R09977</subfield>
    <subfield code="r">2026-04-10 16:08:05</subfield>
    <subfield code="w">2026-04-10</subfield>
    <subfield code="y">RN</subfield>
  </datafield>
  <datafield tag="952" ind1=" " ind2=" ">
    <subfield code="0">0</subfield>
    <subfield code="1">0</subfield>
    <subfield code="4">0</subfield>
    <subfield code="7">0</subfield>
    <subfield code="a">BCEJYS</subfield>
    <subfield code="b">BCEJYS</subfield>
    <subfield code="c">17</subfield>
    <subfield code="d">1991-12-01</subfield>
    <subfield code="h">Vol. 20, N&#xBA; 17 - dic. 1991</subfield>
    <subfield code="l">0</subfield>
    <subfield code="o">H004.6 DAT v20.n17</subfield>
    <subfield code="p">R09964</subfield>
    <subfield code="r">2026-04-10 16:08:05</subfield>
    <subfield code="w">2026-04-10</subfield>
    <subfield code="y">RN</subfield>
  </datafield>
  <datafield tag="952" ind1=" " ind2=" ">
    <subfield code="0">0</subfield>
    <subfield code="1">0</subfield>
    <subfield code="4">0</subfield>
    <subfield code="7">0</subfield>
    <subfield code="a">BCEJYS</subfield>
    <subfield code="b">BCEJYS</subfield>
    <subfield code="c">17</subfield>
    <subfield code="d">1991-11-15</subfield>
    <subfield code="h">Vol. 20, N&#xBA; 16 - nov. 1991</subfield>
    <subfield code="l">0</subfield>
    <subfield code="o">H004.6 DAT v20.n16</subfield>
    <subfield code="p">R09963</subfield>
    <subfield code="r">2026-04-10 16:08:05</subfield>
    <subfield code="w">2026-04-10</subfield>
    <subfield code="y">RN</subfield>
  </datafield>
  <datafield tag="952" ind1=" " ind2=" ">
    <subfield code="0">0</subfield>
    <subfield code="1">0</subfield>
    <subfield code="4">0</subfield>
    <subfield code="7">0</subfield>
    <subfield code="a">BCEJYS</subfield>
    <subfield code="b">BCEJYS</subfield>
    <subfield code="c">17</subfield>
    <subfield code="d">1991-11-01</subfield>
    <subfield code="h">Vol. 20, N&#xBA; 15 - nov. 1991</subfield>
    <subfield code="l">0</subfield>
    <subfield code="o">H004.6 DAT v20.n15</subfield>
    <subfield code="p">R09962</subfield>
    <subfield code="r">2026-04-10 16:08:05</subfield>
    <subfield code="w">2026-04-10</subfield>
    <subfield code="y">RN</subfield>
  </datafield>
  <datafield tag="952" ind1=" " ind2=" ">
    <subfield code="0">0</subfield>
    <subfield code="1">0</subfield>
    <subfield code="4">0</subfield>
    <subfield code="7">0</subfield>
    <subfield code="a">BCEJYS</subfield>
    <subfield code="b">BCEJYS</subfield>
    <subfield code="c">17</subfield>
    <subfield code="d">1991-10-01</subfield>
    <subfield code="h">Vol. 20, N&#xBA; 14 - oct. 1991</subfield>
    <subfield code="l">0</subfield>
    <subfield code="o">H004.6 DAT v20.n14</subfield>
    <subfield code="p">R09961</subfield>
    <subfield code="r">2026-04-10 16:08:05</subfield>
    <subfield code="w">2026-04-10</subfield>
    <subfield code="y">RN</subfield>
  </datafield>
  <datafield tag="952" ind1=" " ind2=" ">
    <subfield code="0">0</subfield>
    <subfield code="1">0</subfield>
    <subfield code="4">0</subfield>
    <subfield code="7">0</subfield>
    <subfield code="a">BCEJYS</subfield>
    <subfield code="b">BCEJYS</subfield>
    <subfield code="c">17</subfield>
    <subfield code="d">1991-09-15</subfield>
    <subfield code="h">Vol. 20, N&#xBA; 13 - sep. 1991</subfield>
    <subfield code="l">0</subfield>
    <subfield code="o">H004.6 DAT v20.n13</subfield>
    <subfield code="p">R09960</subfield>
    <subfield code="r">2026-04-10 16:08:05</subfield>
    <subfield code="w">2026-04-10</subfield>
    <subfield code="y">RN</subfield>
  </datafield>
  <datafield tag="952" ind1=" " ind2=" ">
    <subfield code="0">0</subfield>
    <subfield code="1">0</subfield>
    <subfield code="4">0</subfield>
    <subfield code="7">0</subfield>
    <subfield code="a">BCEJYS</subfield>
    <subfield code="b">BCEJYS</subfield>
    <subfield code="c">17</subfield>
    <subfield code="d">1991-09-01</subfield>
    <subfield code="h">Vol. 20, N&#xBA; 11 - sep. 1991</subfield>
    <subfield code="l">0</subfield>
    <subfield code="o">H004.6 DAT v20.n11</subfield>
    <subfield code="p">R09959</subfield>
    <subfield code="r">2026-04-10 16:08:05</subfield>
    <subfield code="w">2026-04-10</subfield>
    <subfield code="y">RN</subfield>
  </datafield>
  <datafield tag="952" ind1=" " ind2=" ">
    <subfield code="0">0</subfield>
    <subfield code="1">0</subfield>
    <subfield code="4">0</subfield>
    <subfield code="7">0</subfield>
    <subfield code="a">BCEJYS</subfield>
    <subfield code="b">BCEJYS</subfield>
    <subfield code="c">17</subfield>
    <subfield code="d">1991-08-01</subfield>
    <subfield code="h">Vol. 20, N&#xBA; 10 - ago. 1991</subfield>
    <subfield code="l">0</subfield>
    <subfield code="o">H004.6 DAT v20.n10</subfield>
    <subfield code="p">R09958</subfield>
    <subfield code="r">2026-04-10 16:08:05</subfield>
    <subfield code="w">2026-04-10</subfield>
    <subfield code="y">RN</subfield>
  </datafield>
  <datafield tag="952" ind1=" " ind2=" ">
    <subfield code="0">0</subfield>
    <subfield code="1">0</subfield>
    <subfield code="4">0</subfield>
    <subfield code="7">0</subfield>
    <subfield code="a">BCEJYS</subfield>
    <subfield code="b">BCEJYS</subfield>
    <subfield code="c">17</subfield>
    <subfield code="d">1991-07-01</subfield>
    <subfield code="h">Vol. 20, N&#xBA; 9 - jul. 1991</subfield>
    <subfield code="l">0</subfield>
    <subfield code="o">H004.6 DAT v20.n9</subfield>
    <subfield code="p">R09957</subfield>
    <subfield code="r">2026-04-10 16:08:05</subfield>
    <subfield code="w">2026-04-10</subfield>
    <subfield code="y">RN</subfield>
  </datafield>
  <datafield tag="952" ind1=" " ind2=" ">
    <subfield code="0">0</subfield>
    <subfield code="1">0</subfield>
    <subfield code="4">0</subfield>
    <subfield code="7">0</subfield>
    <subfield code="a">BCEJYS</subfield>
    <subfield code="b">BCEJYS</subfield>
    <subfield code="c">17</subfield>
    <subfield code="d">1991-06-15</subfield>
    <subfield code="h">Vol. 20, N&#xBA; 8 - jun. 1991</subfield>
    <subfield code="l">0</subfield>
    <subfield code="o">H004.6 DAT v20.n8</subfield>
    <subfield code="p">R09956</subfield>
    <subfield code="r">2026-04-10 16:08:05</subfield>
    <subfield code="w">2026-04-10</subfield>
    <subfield code="y">RN</subfield>
  </datafield>
  <datafield tag="952" ind1=" " ind2=" ">
    <subfield code="0">0</subfield>
    <subfield code="1">0</subfield>
    <subfield code="4">0</subfield>
    <subfield code="7">0</subfield>
    <subfield code="a">BCEJYS</subfield>
    <subfield code="b">BCEJYS</subfield>
    <subfield code="c">17</subfield>
    <subfield code="d">1991-06-01</subfield>
    <subfield code="h">Vol. 20, N&#xBA; 7 - jun. 1991</subfield>
    <subfield code="l">0</subfield>
    <subfield code="o">H004.6 DAT v20.n7</subfield>
    <subfield code="p">R09955</subfield>
    <subfield code="r">2026-04-10 16:08:05</subfield>
    <subfield code="w">2026-04-10</subfield>
    <subfield code="y">RN</subfield>
  </datafield>
  <datafield tag="952" ind1=" " ind2=" ">
    <subfield code="0">0</subfield>
    <subfield code="1">0</subfield>
    <subfield code="4">0</subfield>
    <subfield code="7">0</subfield>
    <subfield code="a">BCEJYS</subfield>
    <subfield code="b">BCEJYS</subfield>
    <subfield code="c">17</subfield>
    <subfield code="d">1991-05-01</subfield>
    <subfield code="h">Vol. 20, N&#xBA; 6 - mayo 1991</subfield>
    <subfield code="l">0</subfield>
    <subfield code="o">H004.6 DAT v20.n6</subfield>
    <subfield code="p">R09954</subfield>
    <subfield code="r">2026-04-10 16:08:05</subfield>
    <subfield code="w">2026-04-10</subfield>
    <subfield code="y">RN</subfield>
  </datafield>
  <datafield tag="952" ind1=" " ind2=" ">
    <subfield code="0">0</subfield>
    <subfield code="1">0</subfield>
    <subfield code="4">0</subfield>
    <subfield code="7">0</subfield>
    <subfield code="a">BCEJYS</subfield>
    <subfield code="b">BCEJYS</subfield>
    <subfield code="c">17</subfield>
    <subfield code="d">1991-04-01</subfield>
    <subfield code="h">Vol. 20, N&#xBA; 5 - abr. 1991</subfield>
    <subfield code="l">0</subfield>
    <subfield code="o">H004.6 DAT v20.n5</subfield>
    <subfield code="p">R09953</subfield>
    <subfield code="r">2026-04-10 16:08:05</subfield>
    <subfield code="w">2026-04-10</subfield>
    <subfield code="y">RN</subfield>
  </datafield>
  <datafield tag="952" ind1=" " ind2=" ">
    <subfield code="0">0</subfield>
    <subfield code="1">0</subfield>
    <subfield code="4">0</subfield>
    <subfield code="7">0</subfield>
    <subfield code="a">BCEJYS</subfield>
    <subfield code="b">BCEJYS</subfield>
    <subfield code="c">17</subfield>
    <subfield code="d">1991-03-21</subfield>
    <subfield code="h">Vol. 20, N&#xBA; 4 - mar. 1991</subfield>
    <subfield code="l">0</subfield>
    <subfield code="o">H004.6 DAT v20.n4</subfield>
    <subfield code="p">R11324</subfield>
    <subfield code="r">2026-04-10 16:08:05</subfield>
    <subfield code="w">2026-04-10</subfield>
    <subfield code="y">RN</subfield>
  </datafield>
  <datafield tag="952" ind1=" " ind2=" ">
    <subfield code="0">0</subfield>
    <subfield code="1">0</subfield>
    <subfield code="4">0</subfield>
    <subfield code="7">0</subfield>
    <subfield code="a">BCEJYS</subfield>
    <subfield code="b">BCEJYS</subfield>
    <subfield code="c">17</subfield>
    <subfield code="d">1991-03-01</subfield>
    <subfield code="h">Vol. 20, N&#xBA; 3 - mar. 1991</subfield>
    <subfield code="l">0</subfield>
    <subfield code="o">H004.6 DAT v20.n3</subfield>
    <subfield code="p">R09952</subfield>
    <subfield code="r">2026-04-10 16:08:05</subfield>
    <subfield code="w">2026-04-10</subfield>
    <subfield code="y">RN</subfield>
  </datafield>
  <datafield tag="952" ind1=" " ind2=" ">
    <subfield code="0">0</subfield>
    <subfield code="1">0</subfield>
    <subfield code="4">0</subfield>
    <subfield code="7">0</subfield>
    <subfield code="a">BCEJYS</subfield>
    <subfield code="b">BCEJYS</subfield>
    <subfield code="c">17</subfield>
    <subfield code="d">1991-02-01</subfield>
    <subfield code="h">Vol. 20, N&#xBA; 2 - feb. 1991</subfield>
    <subfield code="l">0</subfield>
    <subfield code="o">H004.6 DAT v20.n2</subfield>
    <subfield code="p">R09951</subfield>
    <subfield code="r">2026-04-10 16:08:05</subfield>
    <subfield code="w">2026-04-10</subfield>
    <subfield code="y">RN</subfield>
  </datafield>
  <datafield tag="952" ind1=" " ind2=" ">
    <subfield code="0">0</subfield>
    <subfield code="1">0</subfield>
    <subfield code="4">0</subfield>
    <subfield code="7">0</subfield>
    <subfield code="a">BCEJYS</subfield>
    <subfield code="b">BCEJYS</subfield>
    <subfield code="c">17</subfield>
    <subfield code="d">1991-01-01</subfield>
    <subfield code="h">Vol. 20, N&#xBA; 1 - ene. 1991</subfield>
    <subfield code="l">0</subfield>
    <subfield code="o">H004.6 DAT v20.n1</subfield>
    <subfield code="p">R09950</subfield>
    <subfield code="r">2026-04-10 16:08:05</subfield>
    <subfield code="w">2026-04-10</subfield>
    <subfield code="y">RN</subfield>
  </datafield>
  <datafield tag="952" ind1=" " ind2=" ">
    <subfield code="0">0</subfield>
    <subfield code="1">0</subfield>
    <subfield code="4">0</subfield>
    <subfield code="7">0</subfield>
    <subfield code="a">BCEJYS</subfield>
    <subfield code="b">BCEJYS</subfield>
    <subfield code="c">17</subfield>
    <subfield code="d">1990-12-01</subfield>
    <subfield code="h">Vol. 19, N&#xBA; 16 - dic. 1990</subfield>
    <subfield code="l">0</subfield>
    <subfield code="o">H004.6 DAT v19.n16</subfield>
    <subfield code="p">R09949</subfield>
    <subfield code="r">2026-04-10 16:08:05</subfield>
    <subfield code="w">2026-04-10</subfield>
    <subfield code="y">RN</subfield>
  </datafield>
  <datafield tag="952" ind1=" " ind2=" ">
    <subfield code="0">0</subfield>
    <subfield code="1">0</subfield>
    <subfield code="4">0</subfield>
    <subfield code="7">0</subfield>
    <subfield code="a">BCEJYS</subfield>
    <subfield code="b">BCEJYS</subfield>
    <subfield code="c">17</subfield>
    <subfield code="d">1990-11-15</subfield>
    <subfield code="h">Vol. 19, N&#xBA; 15 - nov. 1990</subfield>
    <subfield code="l">0</subfield>
    <subfield code="o">H004.6 DAT v19.n15</subfield>
    <subfield code="p">R09948</subfield>
    <subfield code="r">2026-04-10 16:08:05</subfield>
    <subfield code="w">2026-04-10</subfield>
    <subfield code="y">RN</subfield>
  </datafield>
  <datafield tag="952" ind1=" " ind2=" ">
    <subfield code="0">0</subfield>
    <subfield code="1">0</subfield>
    <subfield code="4">0</subfield>
    <subfield code="7">0</subfield>
    <subfield code="a">BCEJYS</subfield>
    <subfield code="b">BCEJYS</subfield>
    <subfield code="c">17</subfield>
    <subfield code="d">1990-11-01</subfield>
    <subfield code="h">Vol. 19, N&#xBA; 14 - nov. 1990</subfield>
    <subfield code="l">0</subfield>
    <subfield code="o">H004.6 DAT v19.n14</subfield>
    <subfield code="p">R09947</subfield>
    <subfield code="r">2026-04-10 16:08:05</subfield>
    <subfield code="w">2026-04-10</subfield>
    <subfield code="y">RN</subfield>
  </datafield>
  <datafield tag="952" ind1=" " ind2=" ">
    <subfield code="0">0</subfield>
    <subfield code="1">0</subfield>
    <subfield code="4">0</subfield>
    <subfield code="7">0</subfield>
    <subfield code="a">BCEJYS</subfield>
    <subfield code="b">BCEJYS</subfield>
    <subfield code="c">17</subfield>
    <subfield code="d">1990-10-01</subfield>
    <subfield code="h">Vol. 19, N&#xBA; 13 - oct. 1990</subfield>
    <subfield code="l">0</subfield>
    <subfield code="o">H004.6 DAT v19.n13</subfield>
    <subfield code="p">R09946</subfield>
    <subfield code="r">2026-04-10 16:08:05</subfield>
    <subfield code="w">2026-04-10</subfield>
    <subfield code="y">RN</subfield>
  </datafield>
  <datafield tag="952" ind1=" " ind2=" ">
    <subfield code="0">0</subfield>
    <subfield code="1">0</subfield>
    <subfield code="4">0</subfield>
    <subfield code="7">0</subfield>
    <subfield code="a">BCEJYS</subfield>
    <subfield code="b">BCEJYS</subfield>
    <subfield code="c">17</subfield>
    <subfield code="d">1990-09-15</subfield>
    <subfield code="h">Vol. 19, N&#xBA; 12 - sep. 1990</subfield>
    <subfield code="l">0</subfield>
    <subfield code="o">H004.DAT v19.n12</subfield>
    <subfield code="p">R09945</subfield>
    <subfield code="r">2026-04-10 16:08:05</subfield>
    <subfield code="w">2026-04-10</subfield>
    <subfield code="y">RN</subfield>
  </datafield>
  <datafield tag="952" ind1=" " ind2=" ">
    <subfield code="0">0</subfield>
    <subfield code="1">0</subfield>
    <subfield code="4">0</subfield>
    <subfield code="7">0</subfield>
    <subfield code="a">BCEJYS</subfield>
    <subfield code="b">BCEJYS</subfield>
    <subfield code="c">17</subfield>
    <subfield code="d">1990-09-01</subfield>
    <subfield code="h">Vol. 19, N&#xBA; 11 - sep. 1990</subfield>
    <subfield code="l">0</subfield>
    <subfield code="o">H004.6 DAT v19.n11</subfield>
    <subfield code="p">R09944</subfield>
    <subfield code="r">2026-04-10 16:08:05</subfield>
    <subfield code="w">2026-04-10</subfield>
    <subfield code="y">RN</subfield>
  </datafield>
  <datafield tag="952" ind1=" " ind2=" ">
    <subfield code="0">0</subfield>
    <subfield code="1">0</subfield>
    <subfield code="4">0</subfield>
    <subfield code="7">0</subfield>
    <subfield code="a">BCEJYS</subfield>
    <subfield code="b">BCEJYS</subfield>
    <subfield code="c">17</subfield>
    <subfield code="d">1990-08-01</subfield>
    <subfield code="h">Vol. 19, N&#xBA; 10 - ago. 1990</subfield>
    <subfield code="l">0</subfield>
    <subfield code="o">H004.6 DAT v19.n10</subfield>
    <subfield code="p">R09943</subfield>
    <subfield code="r">2026-04-10 16:08:05</subfield>
    <subfield code="w">2026-04-10</subfield>
    <subfield code="y">RN</subfield>
  </datafield>
  <datafield tag="952" ind1=" " ind2=" ">
    <subfield code="0">0</subfield>
    <subfield code="1">0</subfield>
    <subfield code="4">0</subfield>
    <subfield code="7">0</subfield>
    <subfield code="a">BCEJYS</subfield>
    <subfield code="b">BCEJYS</subfield>
    <subfield code="c">17</subfield>
    <subfield code="d">1990-07-01</subfield>
    <subfield code="h">Vol. 19, N&#xBA; 9 - jul. 1990</subfield>
    <subfield code="l">0</subfield>
    <subfield code="o">H004.6 DAT v19.n9</subfield>
    <subfield code="p">R09942</subfield>
    <subfield code="r">2026-04-10 16:08:05</subfield>
    <subfield code="w">2026-04-10</subfield>
    <subfield code="y">RN</subfield>
  </datafield>
  <datafield tag="952" ind1=" " ind2=" ">
    <subfield code="0">0</subfield>
    <subfield code="1">0</subfield>
    <subfield code="4">0</subfield>
    <subfield code="7">0</subfield>
    <subfield code="a">BCEJYS</subfield>
    <subfield code="b">BCEJYS</subfield>
    <subfield code="c">17</subfield>
    <subfield code="d">1990-06-15</subfield>
    <subfield code="h">Vol. 19, N&#xBA; 8 - jun. 1990</subfield>
    <subfield code="l">0</subfield>
    <subfield code="o">H004.6 DAT v19.n8</subfield>
    <subfield code="p">R09941</subfield>
    <subfield code="r">2026-04-10 16:08:05</subfield>
    <subfield code="w">2026-04-10</subfield>
    <subfield code="y">RN</subfield>
  </datafield>
  <datafield tag="952" ind1=" " ind2=" ">
    <subfield code="0">0</subfield>
    <subfield code="1">0</subfield>
    <subfield code="4">0</subfield>
    <subfield code="7">0</subfield>
    <subfield code="a">BCEJYS</subfield>
    <subfield code="b">BCEJYS</subfield>
    <subfield code="c">17</subfield>
    <subfield code="d">1990-06-01</subfield>
    <subfield code="h">Vol. 19, N&#xBA; 7 - jun. 1990</subfield>
    <subfield code="l">0</subfield>
    <subfield code="o">H004.6 DAT v19.n7</subfield>
    <subfield code="p">R09940</subfield>
    <subfield code="r">2026-04-10 16:08:05</subfield>
    <subfield code="w">2026-04-10</subfield>
    <subfield code="y">RN</subfield>
  </datafield>
  <datafield tag="952" ind1=" " ind2=" ">
    <subfield code="0">0</subfield>
    <subfield code="1">0</subfield>
    <subfield code="4">0</subfield>
    <subfield code="7">0</subfield>
    <subfield code="a">BCEJYS</subfield>
    <subfield code="b">BCEJYS</subfield>
    <subfield code="c">17</subfield>
    <subfield code="d">1990-05-01</subfield>
    <subfield code="h">Vol. 19, N&#xBA; 6 - mayo 1990</subfield>
    <subfield code="l">0</subfield>
    <subfield code="o">H004.6 DAT v19.n6</subfield>
    <subfield code="p">R09939</subfield>
    <subfield code="r">2026-04-10 16:08:05</subfield>
    <subfield code="w">2026-04-10</subfield>
    <subfield code="y">RN</subfield>
  </datafield>
  <datafield tag="952" ind1=" " ind2=" ">
    <subfield code="0">0</subfield>
    <subfield code="1">0</subfield>
    <subfield code="4">0</subfield>
    <subfield code="7">0</subfield>
    <subfield code="a">BCEJYS</subfield>
    <subfield code="b">BCEJYS</subfield>
    <subfield code="c">17</subfield>
    <subfield code="d">1990-04-01</subfield>
    <subfield code="h">Vol. 19, N&#xBA; 5 - abr. 1990</subfield>
    <subfield code="l">0</subfield>
    <subfield code="o">H004.6 DAT v19.n5</subfield>
    <subfield code="p">R09938</subfield>
    <subfield code="r">2026-04-10 16:08:05</subfield>
    <subfield code="w">2026-04-10</subfield>
    <subfield code="y">RN</subfield>
  </datafield>
  <datafield tag="952" ind1=" " ind2=" ">
    <subfield code="0">0</subfield>
    <subfield code="1">0</subfield>
    <subfield code="4">0</subfield>
    <subfield code="7">0</subfield>
    <subfield code="a">BCEJYS</subfield>
    <subfield code="b">BCEJYS</subfield>
    <subfield code="c">17</subfield>
    <subfield code="d">1990-03-15</subfield>
    <subfield code="h">Vol. 19, N&#xBA; 4 - mar. 1990</subfield>
    <subfield code="l">0</subfield>
    <subfield code="o">H004.6 DAT v19.n4</subfield>
    <subfield code="p">R09937</subfield>
    <subfield code="r">2026-04-10 16:08:05</subfield>
    <subfield code="w">2026-04-10</subfield>
    <subfield code="y">RN</subfield>
  </datafield>
  <datafield tag="952" ind1=" " ind2=" ">
    <subfield code="0">0</subfield>
    <subfield code="1">0</subfield>
    <subfield code="4">0</subfield>
    <subfield code="7">0</subfield>
    <subfield code="a">BCEJYS</subfield>
    <subfield code="b">BCEJYS</subfield>
    <subfield code="c">17</subfield>
    <subfield code="d">1990-03-01</subfield>
    <subfield code="h">Vol. 19, N&#xBA; 3 - mar. 1990</subfield>
    <subfield code="l">0</subfield>
    <subfield code="o">H004.6 DAT v19.n3</subfield>
    <subfield code="p">R09936</subfield>
    <subfield code="r">2026-04-10 16:08:06</subfield>
    <subfield code="w">2026-04-10</subfield>
    <subfield code="y">RN</subfield>
  </datafield>
  <datafield tag="952" ind1=" " ind2=" ">
    <subfield code="0">0</subfield>
    <subfield code="1">0</subfield>
    <subfield code="4">0</subfield>
    <subfield code="7">0</subfield>
    <subfield code="a">BCEJYS</subfield>
    <subfield code="b">BCEJYS</subfield>
    <subfield code="c">17</subfield>
    <subfield code="d">1990-02-01</subfield>
    <subfield code="h">Vol. 19, N&#xBA; 2 - feb. 1990</subfield>
    <subfield code="l">0</subfield>
    <subfield code="o">H004.6 DAT v19.n2</subfield>
    <subfield code="p">R09935</subfield>
    <subfield code="r">2026-04-10 16:08:06</subfield>
    <subfield code="w">2026-04-10</subfield>
    <subfield code="y">RN</subfield>
  </datafield>
  <datafield tag="952" ind1=" " ind2=" ">
    <subfield code="0">0</subfield>
    <subfield code="1">0</subfield>
    <subfield code="4">0</subfield>
    <subfield code="7">0</subfield>
    <subfield code="a">BCEJYS</subfield>
    <subfield code="b">BCEJYS</subfield>
    <subfield code="c">17</subfield>
    <subfield code="d">1990-01-01</subfield>
    <subfield code="h">Vol. 19, N&#xBA; 1 - ene. 1990</subfield>
    <subfield code="l">0</subfield>
    <subfield code="o">H004.6 DAT v19.n1</subfield>
    <subfield code="p">R09934</subfield>
    <subfield code="r">2026-04-10 16:08:06</subfield>
    <subfield code="w">2026-04-10</subfield>
    <subfield code="y">RN</subfield>
  </datafield>
  <datafield tag="952" ind1=" " ind2=" ">
    <subfield code="0">0</subfield>
    <subfield code="1">0</subfield>
    <subfield code="4">0</subfield>
    <subfield code="7">0</subfield>
    <subfield code="a">BCEJYS</subfield>
    <subfield code="b">BCEJYS</subfield>
    <subfield code="c">17</subfield>
    <subfield code="d">1989-12-01</subfield>
    <subfield code="h">Vol. 18, N&#xBA; 16 - dic. 1989</subfield>
    <subfield code="l">0</subfield>
    <subfield code="o">H004.6 DAT v18.n16</subfield>
    <subfield code="p">R09933</subfield>
    <subfield code="r">2026-04-10 16:08:06</subfield>
    <subfield code="w">2026-04-10</subfield>
    <subfield code="y">RN</subfield>
  </datafield>
  <datafield tag="952" ind1=" " ind2=" ">
    <subfield code="0">0</subfield>
    <subfield code="1">0</subfield>
    <subfield code="4">0</subfield>
    <subfield code="7">0</subfield>
    <subfield code="a">BCEJYS</subfield>
    <subfield code="b">BCEJYS</subfield>
    <subfield code="c">17</subfield>
    <subfield code="d">1989-11-15</subfield>
    <subfield code="h">Vol. 18, N&#xBA; 15 - nov. 1989</subfield>
    <subfield code="l">0</subfield>
    <subfield code="o">H004.6 DAT v18.n15</subfield>
    <subfield code="p">R09932</subfield>
    <subfield code="r">2026-04-10 16:08:06</subfield>
    <subfield code="w">2026-04-10</subfield>
    <subfield code="y">RN</subfield>
  </datafield>
  <datafield tag="952" ind1=" " ind2=" ">
    <subfield code="0">0</subfield>
    <subfield code="1">0</subfield>
    <subfield code="4">0</subfield>
    <subfield code="7">0</subfield>
    <subfield code="a">BCEJYS</subfield>
    <subfield code="b">BCEJYS</subfield>
    <subfield code="c">17</subfield>
    <subfield code="d">1989-11-01</subfield>
    <subfield code="h">Vol. 18, N&#xBA; 14 - nov. 1989</subfield>
    <subfield code="l">0</subfield>
    <subfield code="o">H004.6 DAT v18.n14</subfield>
    <subfield code="p">R09931</subfield>
    <subfield code="r">2026-04-10 16:08:06</subfield>
    <subfield code="w">2026-04-10</subfield>
    <subfield code="y">RN</subfield>
  </datafield>
  <datafield tag="952" ind1=" " ind2=" ">
    <subfield code="0">0</subfield>
    <subfield code="1">0</subfield>
    <subfield code="4">0</subfield>
    <subfield code="7">0</subfield>
    <subfield code="a">BCEJYS</subfield>
    <subfield code="b">BCEJYS</subfield>
    <subfield code="c">17</subfield>
    <subfield code="d">1989-10-01</subfield>
    <subfield code="h">Vol. 18, N&#xBA; 13 - oct. 1989</subfield>
    <subfield code="l">0</subfield>
    <subfield code="o">H004.6 DAT v18.n13</subfield>
    <subfield code="p">R09930</subfield>
    <subfield code="r">2026-04-10 16:08:06</subfield>
    <subfield code="w">2026-04-10</subfield>
    <subfield code="y">RN</subfield>
  </datafield>
  <datafield tag="952" ind1=" " ind2=" ">
    <subfield code="0">0</subfield>
    <subfield code="1">0</subfield>
    <subfield code="4">0</subfield>
    <subfield code="7">0</subfield>
    <subfield code="a">BCEJYS</subfield>
    <subfield code="b">BCEJYS</subfield>
    <subfield code="c">17</subfield>
    <subfield code="d">1989-09-21</subfield>
    <subfield code="h">Vol. 18, N&#xBA; 12 - sep. 1989</subfield>
    <subfield code="l">0</subfield>
    <subfield code="o">H004.6 DAT v18.n12</subfield>
    <subfield code="p">R09928</subfield>
    <subfield code="r">2026-04-10 16:08:06</subfield>
    <subfield code="w">2026-04-10</subfield>
    <subfield code="y">RN</subfield>
  </datafield>
  <datafield tag="952" ind1=" " ind2=" ">
    <subfield code="0">0</subfield>
    <subfield code="1">0</subfield>
    <subfield code="4">0</subfield>
    <subfield code="7">0</subfield>
    <subfield code="a">BCEJYS</subfield>
    <subfield code="b">BCEJYS</subfield>
    <subfield code="c">17</subfield>
    <subfield code="d">1989-09-01</subfield>
    <subfield code="h">Vol. 18, N&#xBA; 11 - sep. 1989</subfield>
    <subfield code="l">0</subfield>
    <subfield code="o">H004.6 DAT v18.n11</subfield>
    <subfield code="p">R09929</subfield>
    <subfield code="r">2026-04-10 16:08:06</subfield>
    <subfield code="w">2026-04-10</subfield>
    <subfield code="y">RN</subfield>
  </datafield>
</record>
